PERANGKAAN PERPUSTAKAAN DI MALAYSIA 2015 /.

Bibliographic Details
Corporate Author: Perpustakaan Negara Malaysia
Format: Book
Language:Malay
Subjects:
LEADER 00881cam a2200289 7i4500
001 0000067534
005 20180816090000.0
005 ##20180816153300.0
003 ##MY-KlINT
008 180816 20162016my 0 000 0 may d
020 # # |a 9772229809009  
022 # # |a 2229-8096 
039 # 9 |a 201808161533  |b Amir  |y 201808161529  |z rozila 
040 # # |a ELMU 
082 0 0 |a 027.0595021 
090 0 0 |a 027.0595021   |b PPM 
245 1 0 |a PERANGKAAN PERPUSTAKAAN DI MALAYSIA 2015 /. 
264 # 0 |c ♭2016 
264 # 0 |a Kuala Lumpur  |b Perpustakaan Negara Malaysia, Kementerian Pelancongan dan Kebudayaan Malaysia, $c 2016- 
300 # # |a volumes:   |b colour illustrations;   |c 21cm. 
336 # # |a text  |2 rdacontent 
337 # # |a unmediated  |2 rdamedia 
338 # # |a volume  |2 rdacarrier 
583 # # |a LULUS 
610 0 0 |a Malaysia  
650 # 0 |a Libraries --   |z Malaysia  
710 0 # |a Perpustakaan Negara Malaysia